000 00659nam a22001937a 4500
999 _c5390
_d5390
003 DO-SdBJH
005 20190524140031.0
008 190524b ||||| |||| 00| 0 spa d
020 _a999-852-0-9
040 _aDO-SdBJH
_bspa
_cDO-SdBJH
082 _aRD 864.44
_bP649p
100 _aPiñeiro Iñiguez,Carlos
245 _aPasión por América
_b: ensayos sobre Pedro Henríquez Ureña
_c Carlos Piñeiro Iñíguez
260 _aSanto Domingo :
_bAmigo del Hogar,
_c2001
300 _a128 paginas
504 _aIncluye bibliog.
600 _aHenríquez Ureña, Pedro,
_d1884-1946
_qEnsayos, conferencias, etc.
_vCrítica e interpretación.
942 _2ddc
_cBK